[Event "Paris Ch op C"]
[Site "Paris "]
[Date "2008.06.30"]
[Round "3.26"]
[White "Paillet, Raymond"]
[Black "Commercon, Joachim"]
[Result "1-0"]
[WhiteElo "1320"]
[BlackElo "1450"]
[PlyCount "91"]
[EventDate "2008.06.28"]
[EventType "swiss"]
[EventRounds "9"]
[EventCountry "FRA"]
[WhiteTeamCountry "FRA"]
[BlackTeamCountry "FRA"]

1. e4 e5 2. Nf3 Nf6 3. Nc3 Nc6 4. Bb5 d6 5. O-O Bd7 6. d3 a6 7. Bc4 Be7 8. a3
Bg4 9. Nd5 Nd4 10. Ne3 Nxf3+ 11. gxf3 Bh3 12. Re1 Nh5 13. Kh1 Nf4 14. Rg1 Bh4
15. Qe1 Bd7 16. Rxg7 Qf6 17. Bxf7+ Kf8 18. Qg1 Ke7 19. Nd5+ Nxd5 20. exd5 Qxf3+
21. Qg2 Qxg2+ 22. Kxg2 Kf6 23. Bh6 Raf8 24. Bh5 Rhg8 25. Rxg8 Rxg8+ 26. Kh1 c6
27. Bf3 cxd5 28. Bxd5 Rg6 29. Bf8 Be6 30. Bxb7 h5 31. Rg1 Bxf2 32. Rf1 Kf7 33.
Rxf2+ Ke8 34. Bxd6 Kd7 35. Bxe5 Ba2 36. Bg2 h4 37. Rf3 h3 38. Rxh3 Ke6 39. Bc3
Bb1 40. Re3+ Kd7 41. Re2 Ba2 42. b4 Bg8 43. Be4 Re6 44. Bf5 Kd6 45. Bxe6 Bxe6
46. h4 1-0

[Event "Paris Ch op C"]
[Site "Paris "]
[Date "2008.06.30"]
[Round "3.27"]
[White "Fleurimont, Thierry"]
[Black "Bouiller, Andre"]
[Result "1-0"]
[WhiteElo "1450"]
[BlackElo "1310"]
[PlyCount "81"]
[EventDate "2008.06.28"]
[EventType "swiss"]
[EventRounds "9"]
[EventCountry "FRA"]
[WhiteTeamCountry "FRA"]
[BlackTeamCountry "FRA"]

1. e4 e5 2. Bc4 Nf6 3. Nc3 d6 4. Nf3 h6 5. d4 Bg4 6. dxe5 dxe5 7. Qxd8+ Kxd8 8.
Bxf7 Nbd7 9. Be3 c6 10. Rd1 Kc7 11. Rd3 Nc5 12. Bxc5 Bxc5 13. Nxe5 Bd7 14. O-O
Bd6 15. Nxd7 Nxd7 16. Rfd1 Ne5 17. Rxd6 Rad8 18. Rxd8 Rxd8 19. Rxd8 Kxd8 20.
Bh5 Nc4 21. b3 Ne5 22. f4 Nd7 23. Bf3 b6 24. g4 c5 25. h4 Ke7 26. g5 Nf8 27.
Nd5+ Kd6 28. c4 Ne6 29. Kf2 hxg5 30. hxg5 Nd4 31. Kg3 Ne6 32. Kg4 Kd7 33. f5
Nf8 34. e5 Ke8 35. f6 gxf6 36. gxf6 Ng6 37. e6 Kf8 38. Kg5 Ne5 39. Bh5 Nc6 40.
e7+ Nxe7 41. fxe7+ 1-0

[Event "Paris Ch op C"]
[Site "Paris "]
[Date "2008.06.30"]
[Round "3.28"]
[White "Lamure, Pierre-Louis"]
[Black "Dean, Pietro"]
[Result "0-1"]
[WhiteElo "1290"]
[BlackElo "1440"]
[PlyCount "124"]
[EventDate "2008.06.28"]
[EventType "swiss"]
[EventRounds "9"]
[EventCountry "FRA"]
[WhiteTeamCountry "FRA"]
[BlackTeamCountry "FRA"]

1. d4 Nf6 2. c4 e6 3. Nc3 Bb4 4. Bd2 O-O 5. a3 Be7 6. Nf3 d6 7. e3 b6 8. Bd3
Ba6 9. Qc2 d5 10. cxd5 Bxd3 11. Qxd3 exd5 12. Rc1 a6 13. Ne2 Ne4 14. Nf4 Bg5
15. Nxg5 Nxg5 16. O-O Qd7 17. Rc2 Ra7 18. f3 f5 19. h4 Ne6 20. Nxe6 Qxe6 21.
Bb4 Rf6 22. Re2 Nc6 23. Be1 Ne7 24. e4 fxe4 25. fxe4 Rxf1+ 26. Kxf1 Qg6 27. Qb3
Qf6+ 28. Bf2 Qc6 29. e5 Ra8 30. Rc2 Qd7 31. Bg3 Rf8+ 32. Kg1 Nf5 33. e6 Qxe6
34. Be5 Nxd4 35. Bxd4 Qe1+ 36. Kh2 Qxh4+ 37. Qh3 Qxd4 38. Rxc7 Qf4+ 39. Qg3
Qxg3+ 40. Kxg3 Rd8 41. Re7 d4 42. Re2 d3 43. Rd2 Rd4 44. Kf3 Kf7 45. Ke3 Rd7
46. Rxd3 Rxd3+ 47. Kxd3 h5 48. Ke4 Ke6 49. g3 g5 50. b3 h4 51. gxh4 gxh4 52.
Kf3 h3 53. Kg3 h2 54. Kxh2 Ke5 55. Kg2 Kd4 56. Kf2 Kc3 57. Ke2 Kxb3 58. Kd2
Kxa3 59. Kc2 Ka2 60. Kc3 a5 61. Kc2 b5 62. Kc1 b4 0-1

[Event "Paris Ch op C"]
[Site "Paris "]
[Date "2008.06.30"]
[Round "3.29"]
[White "Guerlach, Keigo"]
[Black "Eden, Agnes"]
[Result "1-0"]
[WhiteElo "1440"]
[BlackElo "1290"]
[PlyCount "93"]
[EventDate "2008.06.28"]
[EventType "swiss"]
[EventRounds "9"]
[EventCountry "FRA"]
[WhiteTeamCountry "FRA"]
[BlackTeamCountry "FRA"]

1. e4 e5 2. Nf3 Nc6 3. Bc4 Nd4 4. Nxd4 exd4 5. c3 Bc5 6. Bxf7+ Kxf7 7. Qh5+ g6
8. Qxc5 d3 9. Qc4+ d5 10. Qxd3 Nf6 11. exd5 Re8+ 12. Kd1 Bg4+ 13. f3 Bf5 14.
Qc4 Kg7 15. g4 Nxd5 16. d4 Be6 17. Qd3 Nf4 18. Bxf4 Bd5 19. Be5+ Kf8 20. Qe3 g5
21. f4 Bxh1 22. fxg5 Qd7 23. Qf4+ Qf7 24. Qxf7+ Kxf7 25. Bxc7 Bf3+ 26. Kc2 Re1
27. b4 Rae8 28. Bg3 R8e2+ 29. Kb3 Bd5+ 30. Ka3 Rf1 31. Ka4 Bc6+ 32. b5 Bd7 33.
a3 Rb2 34. c4 Rc1 35. Ka5 Rxc4 36. a4 b6+ 37. Ka6 Rxd4 38. Be5 Rd5 39. Bxb2
Bc8+ 40. Kxa7 Rd6 41. Nc3 Ke7 42. Ba3 Bxg4 43. Bxd6+ Kxd6 44. Kxb6 Ke5 45. Re1+
Kf5 46. a5 Kxg5 47. Rg1 1-0

[Event "Paris Ch op C"]
[Site "Paris "]
[Date "2008.06.30"]
[Round "3.30"]
[White "Bogdanovsky, Sonia"]
[Black "Olivier, Camille"]
[Result "1/2-1/2"]
[WhiteElo "1420"]
[BlackElo "1260"]
[PlyCount "108"]
[EventDate "2008.06.28"]
[EventType "swiss"]
[EventRounds "9"]
[EventCountry "FRA"]
[WhiteTeamCountry "FRA"]
[BlackTeamCountry "FRA"]

1. c4 e6 2. Nc3 c6 3. e4 d5 4. cxd5 exd5 5. exd5 cxd5 6. d4 Nf6 7. g3 Bg4 8.
Nge2 Be6 9. Bg2 Bd6 10. Bg5 Be7 11. O-O a6 12. a3 Nc6 13. b4 O-O 14. Re1 h6 15.
Bf4 Re8 16. b5 Na5 17. bxa6 bxa6 18. Qc2 Nc4 19. Bc1 Qd7 20. Qa4 Nb6 21. Qxd7
Nfxd7 22. Nf4 Bf6 23. Be3 Rac8 24. Ncxd5 Nxd5 25. Nxd5 Bxd5 26. Bxd5 Nb6 27.
Bb7 Rcd8 28. Red1 Nc4 29. Bxa6 Nxe3 30. fxe3 Rxe3 31. Ra2 Bxd4 32. Kg2 Re6 33.
Bc4 Red6 34. Re2 Be5 35. Rxd6 Bxd6 36. Rd2 Kf8 37. a4 Ke7 38. Re2+ Kf8 39. a5
Bc5 40. Re5 Rc8 41. Bb5 g6 42. Ba6 Bd4 43. Bxc8 Bxe5 44. a6 Bb8 45. Kf3 Ke8 46.
Bb7 Kd7 47. Bd5 f6 48. h4 Kd6 49. Bf7 g5 50. h5 Kc6 51. Bg6 Kd5 52. Kg4 Ke5 53.
Bf5 Kd4 54. Bc8 Ke5 1/2-1/2

[Event "Paris Ch op C"]
[Site "Paris "]
[Date "2008.06.30"]
[Round "3.34"]
[White "Moimeaux, Archibald"]
[Black "Zeitoun, Maxime"]
[Result "1-0"]
[WhiteElo "1199"]
[BlackElo "1400"]
[PlyCount "119"]
[EventDate "2008.06.28"]
[EventType "swiss"]
[EventRounds "9"]
[EventCountry "FRA"]
[WhiteTeamCountry "FRA"]
[BlackTeamCountry "FRA"]

1. c4 Nc6 2. Nf3 e5 3. g3 f5 4. Bg2 Nf6 5. O-O d6 6. e3 Be6 7. b3 Qd7 8. d4
exd4 9. exd4 d5 10. Re1 O-O-O 11. c5 Ne4 12. Ng5 g6 13. Nxe6 Qxe6 14. f3 Bg7
15. Bb2 Qe7 16. fxe4 dxe4 17. Kh1 Bxd4 18. Qc1 Bxb2 19. Qxb2 Qxc5 20. Qc3 Qe7
21. Nd2 Ne5 22. Bf1 h5 23. Rad1 h4 24. Nc4 Nxc4 25. Bxc4 hxg3 26. Rxd8+ Rxd8
27. Qxg3 g5 28. Qh3 g4 29. Qh6 Qe5 30. Qe6+ Qxe6 31. Bxe6+ Kb8 32. Bxf5 Rd2 33.
Rxe4 Rd1+ 34. Kg2 Rd2+ 35. Kg3 a6 36. Ra4 Ka7 37. Bxg4 b5 38. Rf4 Rxa2 39. h4
Rd2 40. Rf2 Rd8 41. h5 Rh8 42. Kh4 Kb6 43. Kg5 Ka5 44. Rf4 c5 45. Kg6 Rd8 46.
h6 Rh8 47. Kg7 Rxh6 48. Kxh6 b4 49. Kg5 Kb5 50. Kf5 a5 51. Ke5 Kb6 52. Kd5 Kb5
53. Be2+ Kb6 54. Rf6+ Kb7 55. Kxc5 Kc7 56. Kb5 Kb7 57. Rf7+ Kb8 58. Kc6 Ka8 59.
Kb6 a4 60. Rf8# 1-0

[Event "Paris Ch op C"]
[Site "Paris "]
[Date "2008.06.30"]
[Round "3.35"]
[White "Guillaume, Gerard"]
[Black "Dautricourt, Olivier"]
[Result "1-0"]
[WhiteElo "1390"]
[BlackElo "1199"]
[PlyCount "85"]
[EventDate "2008.06.28"]
[EventType "swiss"]
[EventRounds "9"]
[EventCountry "FRA"]
[WhiteTeamCountry "FRA"]
[BlackTeamCountry "FRA"]

1. d4 Nf6 2. c4 g6 3. Nc3 Bg7 4. Nf3 O-O 5. e3 c6 6. Bd3 Qa5 7. Bd2 d6 8. a3
Qb6 9. b4 c5 10. bxc5 dxc5 11. Na4 Qc6 12. Nxc5 Na6 13. Ne5 Qxg2 14. Ke2 Bg4+
15. Nxg4 Nxg4 16. Ne4 f5 17. Rg1 Qxh2 18. Rh1 Qc7 19. Ng5 f4 20. Ne6 Qd6 21.
Nxf8 Rxf8 22. Qg1 Qe6 23. f3 fxe3 24. Bc3 Nf2 25. Rc1 Nxh1 26. Qxh1 Nc7 27. Qh2
Qf6 28. Be4 Ne6 29. Bd5 Kh8 30. Qg3 Nf4+ 31. Kd1 Nd3 32. Rc2 Qf5 33. Be4 Nf2+
34. Rxf2 exf2 35. Qxf2 Qf4 36. Bd2 Qd6 37. Bb4 Qa6 38. Bd5 Qa4+ 39. Ke1 e5 40.
Bxb7 exd4 41. Bxf8 Bxf8 42. Bd5 Bxa3 43. Qxd4# 1-0

[Event "Paris Ch op C"]
[Site "Paris "]
[Date "2008.06.30"]
[Round "3.36"]
[White "Banat, Ryan"]
[Black "Khechab, Michel"]
[Result "0-1"]
[WhiteElo "1020"]
[BlackElo "1390"]
[PlyCount "56"]
[EventDate "2008.06.28"]
[EventType "swiss"]
[EventRounds "9"]
[EventCountry "FRA"]
[WhiteTeamCountry "FRA"]
[BlackTeamCountry "FRA"]

1. e3 e5 2. Qe2 d5 3. d4 Bf5 4. f3 Bd6 5. e4 Be6 6. exd5 Bxd5 7. dxe5 Bc5 8. g3
Ne7 9. Bg2 Nbc6 10. Bf4 O-O 11. Nh3 Nf5 12. c3 Re8 13. b4 Bd6 14. Bg5 f6 15.
Bf4 Nxe5 16. O-O Bc4 17. Qe4 Bxf1 18. Bxf1 Qd7 19. Bxe5 Bxe5 20. Bc4+ Kh8 21.
g4 Qd1+ 22. Bf1 Bxh2+ 23. Kxh2 Rxe4 24. fxe4 Qxf1 25. gxf5 Re8 26. Kg3 Rxe4 27.
Nd2 Re3+ 28. Kh2 Rxh3# 0-1

[Event "Paris Ch op C"]
[Site "Paris "]
[Date "2008.06.30"]
[Round "3.38"]
[White "Marchal, Quentin"]
[Black "Fouliard, Marc"]
[Result "0-1"]
[WhiteElo "1130"]
[BlackElo "1430"]
[PlyCount "90"]
[EventDate "2008.06.28"]
[EventType "swiss"]
[EventRounds "9"]
[EventCountry "FRA"]
[WhiteTeamCountry "FRA"]
[BlackTeamCountry "FRA"]

1. e4 e5 2. Nf3 Nc6 3. Nc3 Bb4 4. Bb5 Nf6 5. O-O d6 6. d3 O-O 7. Bg5 Bxc3 8.
bxc3 Bg4 9. h3 Bh5 10. d4 Qe8 11. d5 Nxe4 12. Bxc6 bxc6 13. g4 Bg6 14. h4 Qd7
15. Nh2 Nxc3 16. Qf3 Nxd5 17. Rac1 h6 18. h5 Bxh5 19. gxh5 hxg5 20. Ng4 f5 21.
Ne3 Nxe3 22. Qxe3 Rf6 23. Qxg5 f4 24. Kg2 Qf5 25. Qxf5 Rxf5 26. Rh1 e4 27. f3
e3 28. Rce1 d5 29. h6 Kh7 30. hxg7+ Kxg7 31. Rh3 Rg5+ 32. Kf1 Rh8 33. Rxh8 Kxh8
34. Ke2 c5 35. Rh1+ Kg7 36. Rh4 Rf5 37. Rg4+ Kf7 38. Rh4 Ke7 39. Rh7+ Rf7 40.
Rh5 c6 41. c4 Ke6 42. Rh6+ Rf6 43. cxd5+ cxd5 44. Rxf6+ Kxf6 45. Kd3 Ke5 0-1

[Event "Paris Ch op C"]
[Site "Paris "]
[Date "2008.06.30"]
[Round "3.39"]
[White "Laroui, Idriss"]
[Black "Delhy, Jacques"]
[Result "1/2-1/2"]
[WhiteElo "1200"]
[BlackElo "1320"]
[PlyCount "83"]
[EventDate "2008.06.28"]
[EventType "swiss"]
[EventRounds "9"]
[EventCountry "FRA"]
[WhiteTeamCountry "FRA"]
[BlackTeamCountry "FRA"]

1. d4 Nf6 2. c4 e6 3. f3 d5 4. Nc3 Bb4 5. e3 O-O 6. Bd2 c5 7. cxd5 cxd4 8. exd4
Bxc3 9. Bxc3 Nxd5 10. Bc4 Ne3 11. Qe2 Nd5 12. Bxd5 exd5 13. Qc2 Re8+ 14. Ne2
Qg5 15. O-O Qe3+ 16. Rf2 Qg5 17. Ng3 Nd7 18. Qd2 Qxd2 19. Rxd2 Nb6 20. b3 Bd7
21. Kf2 Rac8 22. Bb4 Na8 23. Re1 Rxe1 24. Kxe1 b6 25. Kd1 a5 26. Bd6 Nc7 27.
Rc2 Nb5 28. Rxc8+ Bxc8 29. Bf4 Nxd4 30. Kd2 b5 31. Bd6 a4 32. bxa4 bxa4 33. Kc3
Nb5+ 34. Kb4 Nxd6 35. Kxa4 Kf8 36. Kb4 Ke7 37. Ne2 Ba6 38. Nd4 Bb7 39. a4 Kd7
40. a5 Ba6 41. Kc5 Nc4 42. Nb3 1/2-1/2

[Event "Paris Ch op C"]
[Site "Paris "]
[Date "2008.06.30"]
[Round "3.40"]
[White "Champs, Sandra"]
[Black "Nicodeme, Adrien"]
[Result "1-0"]
[WhiteElo "1499"]
[BlackElo "1250"]
[PlyCount "79"]
[EventDate "2008.06.28"]
[EventType "swiss"]
[EventRounds "9"]
[EventCountry "FRA"]
[WhiteTeamCountry "FRA"]
[BlackTeamCountry "FRA"]

1. e4 e5 2. Nf3 Nc6 3. Nc3 Bb4 4. a3 Bxc3 5. dxc3 Nge7 6. Be2 d6 7. O-O O-O 8.
Bg5 Qe8 9. Re1 Be6 10. Bb5 a6 11. Bxc6 bxc6 12. Nd2 f6 13. Bh4 Rd8 14. h3 d5
15. b3 dxe4 16. Rxe4 Qg6 17. Re3 Qh6 18. Qe2 Ng6 19. Bg3 Qg5 20. Ne4 Qf5 21.
Rf3 Qh5 22. Nc5 Bd5 23. Re3 Qg5 24. Nxa6 Rf7 25. Rd1 Ra8 26. Nc5 Re8 27. a4 Nf4
28. Qg4 Qxg4 29. hxg4 Nxg2 30. Red3 Rd8 31. c4 Rff8 32. cxd5 Nf4 33. Bxf4 exf4
34. Ne6 Rde8 35. Nxf8 Rxf8 36. dxc6 h6 37. Rd7 Re8 38. Rd8 Rxd8 39. Rxd8+ Kf7
40. a5 1-0

[Event "Paris Ch op C"]
[Site "Paris "]
[Date "2008.06.30"]
[Round "3.41"]
[White "Luond, Patrice"]
[Black "Lefort, Sophie"]
[Result "0-1"]
[WhiteElo "1499"]
[BlackElo "1199"]
[PlyCount "68"]
[EventDate "2008.06.28"]
[EventType "swiss"]
[EventRounds "9"]
[EventCountry "FRA"]
[WhiteTeamCountry "FRA"]
[BlackTeamCountry "FRA"]

1. e4 e5 2. Nf3 Nc6 3. Bb5 a6 4. Bc4 d6 5. c3 Be7 6. d3 Nf6 7. h3 O-O 8. a4 Be6
9. Bxe6 fxe6 10. Ng5 Qd7 11. b4 d5 12. Qb3 h6 13. exd5 exd5 14. Nf3 Kh8 15. O-O
Bd6 16. Ba3 e4 17. dxe4 dxe4 18. Nd4 Nxd4 19. cxd4 c6 20. Nd2 Rae8 21. Rac1 Bb8
22. Qc2 Qd6 23. g3 Qxd4 24. Nb3 Qe5 25. Bb2 Qe6 26. Kg2 Nd5 27. Nc5 Qe7 28. Qc4
e3 29. Qd4 exf2 30. Ne6 Rf7 31. Nxg7 Rxg7 32. Rxf2 Kh7 33. Qd3+ Rg6 34. Bd4
Qe4+ 0-1

[Event "Paris Ch op C"]
[Site "Paris "]
[Date "2008.06.30"]
[Round "3.42"]
[White "Coadou, Alain"]
[Black "Papazian, Arlette"]
[Result "1-0"]
[WhiteElo "1210"]
[BlackElo "1499"]
[PlyCount "111"]
[EventDate "2008.06.28"]
[EventType "swiss"]
[EventRounds "9"]
[EventCountry "FRA"]
[WhiteTeamCountry "FRA"]
[BlackTeamCountry "FRA"]

1. c4 Nf6 2. g3 e5 3. Bg2 Bc5 4. e3 e4 5. Nc3 b6 6. Nxe4 Bb7 7. Nxf6+ Qxf6 8.
Bxb7 O-O 9. Bxa8 Ba3 10. d4 Bb4+ 11. Bd2 Bxd2+ 12. Qxd2 Qe7 13. Ne2 d6 14. b4
Nd7 15. Bg2 Nf6 16. f3 c6 17. O-O Rc8 18. Nc3 Kf8 19. a4 Qd7 20. Ne2 Ra8 21. a5
b5 22. c5 dxc5 23. bxc5 a6 24. e4 Rb8 25. Rab1 Rb7 26. e5 Ne8 27. Nf4 Qd8 28.
e6 Qb8 29. d5 Rc7 30. d6 Nxd6 31. Qxd6+ Kg8 32. exf7+ Kxf7 33. Nd3 Rc8 34. Ne5+
Kg8 35. f4 Rd8 36. Nxc6 Qxd6 37. cxd6 Rxd6 38. Ne7+ Kf8 39. Rfe1 Rd8 40. Rbc1
Rb8 41. Rc8+ Rxc8 42. Nxc8 Kf7 43. Bd5+ Kf8 44. Bb7 g6 45. Bxa6 Kg7 46. Bxb5 h5
47. Re7+ Kh6 48. Re6 Kh7 49. Be8 Kh6 50. Rxg6+ Kh7 51. a6 Kh8 52. a7 Kh7 53.
Nd6 Kh8 54. Nf7+ Kh7 55. Ng5+ Kh8 56. a8=Q 1-0

[Event "Paris Ch op C"]
[Site "Paris "]
[Date "2008.06.30"]
[Round "3.43"]
[White "Timofeeva, Tatiana"]
[Black "Su, Sylvie"]
[Result "1-0"]
[WhiteElo "1499"]
[BlackElo "1199"]
[PlyCount "63"]
[EventDate "2008.06.28"]
[EventType "swiss"]
[EventRounds "9"]
[EventCountry "FRA"]
[WhiteTeamCountry "FRA"]
[BlackTeamCountry "FRA"]

1. e4 e5 2. Nf3 Nc6 3. Bc4 Nf6 4. d3 Be7 5. Nc3 O-O 6. O-O d5 7. exd5 Nd4 8.
Nxe5 Re8 9. d6 Bxd6 10. Bxf7+ Kf8 11. Bxe8 Qxe8 12. Nf3 Bg4 13. Bg5 Nd7 14. h3
Bh5 15. g4 Bxg4 16. hxg4 Qe6 17. Nxd4 Qe5 18. Nf3 Qc5 19. d4 Qb4 20. Re1 Nb6
21. Rb1 a5 22. a3 Qc4 23. Qe2 Qc6 24. Qe4 Qc4 25. Be7+ Kg8 26. Bxd6 cxd6 27.
Qe8+ Rxe8 28. Rxe8+ Kf7 29. Rbe1 Qc7 30. Ng5+ Kf6 31. Nce4+ Kg6 32. Re6# 1-0

[Event "Paris Ch op C"]
[Site "Paris "]
[Date "2008.06.30"]
[Round "3.44"]
[White "Adjaj, Benjamin"]
[Black "Nadarajah, Phanujah"]
[Result "1-0"]
[WhiteElo "1470"]
[BlackElo "1160"]
[PlyCount "65"]
[EventDate "2008.06.28"]
[EventType "swiss"]
[EventRounds "9"]
[EventCountry "FRA"]
[WhiteTeamCountry "FRA"]
[BlackTeamCountry "FRA"]

1. d4 d5 2. Bf4 Nc6 3. Nf3 Nf6 4. h3 Bf5 5. e3 e6 6. c3 Bd6 7. Bxd6 Qxd6 8. Bd3
O-O 9. Bxf5 exf5 10. Qc2 Ne7 11. Nbd2 f4 12. Ng5 g6 13. e4 dxe4 14. Ndxe4 Nxe4
15. Nxe4 Qe6 16. b3 f5 17. f3 fxe4 18. fxe4 Rae8 19. O-O-O Nc8 20. Rde1 Nd6 21.
e5 Nf5 22. Qf2 Ne7 23. Qf3 b6 24. Kb2 Qc6 25. Re4 g5 26. h4 h6 27. hxg5 hxg5
28. Rh5 Rf7 29. Rxg5+ Kf8 30. e6 Rf6 31. Qh5 Ng8 32. Qh7 Re7 33. Qxg8# 1-0

[Event "Paris Ch op C"]
[Site "Paris "]
[Date "2008.06.30"]
[Round "3.47"]
[White "Lachkar, Dan"]
[Black "Duffaud, Celia"]
[Result "0-1"]
[WhiteElo "1120"]
[BlackElo "1390"]
[PlyCount "138"]
[EventDate "2008.06.28"]
[EventType "swiss"]
[EventRounds "9"]
[EventCountry "FRA"]
[WhiteTeamCountry "FRA"]
[BlackTeamCountry "FRA"]

1. e4 c6 2. d4 d5 3. exd5 cxd5 4. Nc3 Nf6 5. Bb5+ Bd7 6. Bxd7+ Nbxd7 7. Bg5 e6
8. Qf3 Bb4 9. Nge2 O-O 10. O-O-O Qc7 11. Bf4 e5 12. dxe5 Nxe5 13. Qg3 Rfe8 14.
Bh6 g6 15. Qf4 Qe7 16. Bg5 Ned7 17. Nxd5 Qxe2 18. Nxf6+ Nxf6 19. Bxf6 Bf8 20.
Rhe1 Qa6 21. a3 Rxe1 22. Rxe1 Rc8 23. Bc3 Rc6 24. Qd4 f6 25. Re8 Re6 26. Rd8
Qf1+ 27. Qd1 Qxd1+ 28. Kxd1 Kf7 29. Rd7+ Ke8 30. Rxh7 Re7 31. Rh8 Rf7 32. Rh4
Bc5 33. f3 f5 34. Rc4 Bb6 35. Bd2 Rg7 36. g4 fxg4 37. Rxg4 Kf7 38. Bc3 Rh7 39.
Be5 Rh5 40. Bd6 Rd5+ 41. Ke2 Rxd6 42. Rf4+ Kg7 43. h4 Rd5 44. c4 Re5+ 45. Kf1
Be3 46. Rg4 Rf5 47. Re4 Bc1 48. Re7+ Rf7 49. Re2 Rxf3+ 50. Ke1 Rb3 51. Kd1 Bxb2
52. c5 Bxa3 53. Rc2 Rh3 54. Rc4 Kh6 55. Ke2 Kh5 56. Ra4 Bxc5 57. Rc4 b6 58. Ra4
a5 59. Kf1 Rxh4 60. Ra2 a4 61. Ke2 Rh3 62. Rxa4 g5 63. Kf1 g4 64. Kg2 Kh4 65.
Ra1 b5 66. Ra5 Rb3 67. Kh2 Rb2+ 68. Kh1 Kh3 69. Ra1 Rh2# 0-1

[Event "Paris Ch op C"]
[Site "Paris "]
[Date "2008.06.30"]
[Round "3.48"]
[White "Dupont, Jean-Louis"]
[Black "Sancey, Frederic"]
[Result "1-0"]
[WhiteElo "1280"]
[BlackElo "1070"]
[PlyCount "51"]
[EventDate "2008.06.28"]
[EventType "swiss"]
[EventRounds "9"]
[EventCountry "FRA"]
[WhiteTeamCountry "FRA"]
[BlackTeamCountry "FRA"]

1. e4 e5 2. Nf3 Nf6 3. Nxe5 Nxe4 4. Qe2 d5 5. d3 Ng5 6. Nc6+ Kd7 7. Nxd8 Kxd8
8. Bxg5+ f6 9. Be3 Nc6 10. Nd2 d4 11. Bf4 Be7 12. O-O-O Re8 13. Re1 Bd7 14. Qh5
g6 15. Qd5 g5 16. Bg3 h5 17. f3 h4 18. Bf2 Nb4 19. Qxd4 Nxa2+ 20. Kb1 c5 21.
Qd5 Kc7 22. Qxa2 Rad8 23. Qa3 c4 24. Qa5+ Kc8 25. Nxc4 b6 26. Qxa7 1-0

[Event "Paris Ch op C"]
[Site "Paris "]
[Date "2008.06.30"]
[Round "3.49"]
[White "Tiberghien, Luc"]
[Black "Moisset, Lola"]
[Result "0-1"]
[WhiteElo "1030"]
[BlackElo "1280"]
[PlyCount "86"]
[EventDate "2008.06.28"]
[EventType "swiss"]
[EventRounds "9"]
[EventCountry "FRA"]
[WhiteTeamCountry "FRA"]
[BlackTeamCountry "FRA"]

1. d4 d5 2. c4 e6 3. Nc3 Nc6 4. Nf3 Nf6 5. Bg5 Be7 6. e3 h6 7. Bh4 O-O 8. Bd3
Ne4 9. Bxe4 dxe4 10. Nxe4 Bxh4 11. g3 Be7 12. O-O b6 13. a3 Bb7 14. Qc2 Bd6 15.
Rfd1 Na5 16. c5 Nb3 17. cxd6 Nxa1 18. Rxa1 cxd6 19. Nh4 Bxe4 20. Qxe4 d5 21.
Qc2 Rc8 22. Qd3 Qc7 23. Kg2 e5 24. Qb3 exd4 25. exd4 Rfd8 26. Re1 Qc4 27. Qe3
Re8 28. Qd2 Rxe1 29. Qxe1 Qxd4 30. Nf5 Qc5 31. Ne7+ Kf8 32. Nxc8 Qxc8 33. Qd1
Qc6 34. Kh3 Qd7+ 35. g4 d4 36. Qd3 h5 37. Kg2 Qxg4+ 38. Kf1 Qh4 39. Qg3 Qe4 40.
Qd6+ Kg8 41. Qd8+ Kh7 42. Qd7 d3 43. Qa4 Qh1# 0-1

[Event "Paris Ch op C"]
[Site "Paris "]
[Date "2008.07.05"]
[Round "8.1"]
[White "Valencia, Gabriel"]
[Black "Martin, Madge"]
[Result "0-1"]
[WhiteElo "1499"]
[BlackElo "1480"]
[PlyCount "80"]
[EventDate "2008.06.28"]
[EventType "swiss"]
[EventRounds "9"]
[EventCountry "FRA"]
[WhiteTeamCountry "FRA"]
[BlackTeamCountry "FRA"]

1. d4 d5 2. c4 Bf5 3. Nc3 e6 4. e4 dxe4 5. Be3 Nc6 6. Nge2 Nf6 7. h3 Nb4 8. Ng3
Bg6 9. a3 Nd3+ 10. Bxd3 exd3 11. f3 Bd6 12. Nge4 Nxe4 13. Nxe4 f5 14. Nxd6+
Qxd6 15. Qa4+ Kf7 16. f4 b6 17. Qd1 c5 18. Qxd3 cxd4 19. Qxd4 Qc6 20. O-O Rhd8
21. Qc3 Bh5 22. Bd4 Rd7 23. Rf2 Kg8 24. Re1 Rad8 25. Rd2 Bf7 26. Re5 Qc7 27. b3
g5 28. g3 h5 29. h4 gxf4 30. gxf4 Kh7 31. Kh2 Rg8 32. Rg2 Rg4 33. Rxg4 hxg4 34.
Kg3 Qd8 35. Be3 Rd1 36. Kf2 Qxh4+ 37. Ke2 Rh1 38. Bf2 Rh2 39. Qe1 g3 40. Kd3
gxf2 0-1

[Event "Paris Ch op C"]
[Site "Paris "]
[Date "2008.07.05"]
[Round "8.2"]
[White "Hassanaly, Ikbal"]
[Black "Bogdanovsky, Sonia"]
[Result "1-0"]
[WhiteElo "1490"]
[BlackElo "1420"]
[PlyCount "79"]
[EventDate "2008.06.28"]
[EventType "swiss"]
[EventRounds "9"]
[EventCountry "FRA"]
[WhiteTeamCountry "FRA"]
[BlackTeamCountry "FRA"]

1. e4 c5 2. Nf3 d6 3. Bc4 Nc6 4. d3 Nf6 5. Nc3 e6 6. O-O Be7 7. d4 cxd4 8. Nxd4
O-O 9. Nf3 a6 10. a3 b5 11. Ba2 Bb7 12. Bf4 Rc8 13. Qd2 e5 14. Bg5 Na5 15. Bxf6
Bxf6 16. Rad1 Nc4 17. Qc1 Qe7 18. Rfe1 h6 19. Nd5 Bxd5 20. Rxd5 Rfd8 21. b3 Nb6
22. Rd3 d5 23. exd5 Nxd5 24. c4 Nf4 25. Rxd8+ Rxd8 26. Bb1 Nd3 27. Bxd3 Rxd3
28. Qc2 e4 29. Nd2 Rxd2 30. Qxd2 bxc4 31. bxc4 Qxa3 32. Rxe4 Qc5 33. Re8+ Kh7
34. Qc2+ g6 35. g3 Bd4 36. Ra8 a5 37. Qa2 Bc3 38. Qb3 Bb4 39. Qb2 g5 40. Qf6
1-0

[Event "Paris Ch op C"]
[Site "Paris "]
[Date "2008.07.05"]
[Round "8.3"]
[White "Keller, Jean"]
[Black "Elzoghlami, Mehdi"]
[Result "1-0"]
[WhiteElo "1499"]
[BlackElo "1500"]
[PlyCount "47"]
[EventDate "2008.06.28"]
[EventType "swiss"]
[EventRounds "9"]
[EventCountry "FRA"]
[WhiteTeamCountry "FRA"]
[BlackTeamCountry "FRA"]

1. c4 Nf6 2. d4 g6 3. Nf3 Bg7 4. e3 O-O 5. Nc3 d6 6. Bd3 Nbd7 7. O-O c5 8. Re1
Qa5 9. Bd2 Qb6 10. b3 Rd8 11. Qc2 Nf8 12. Re2 Bg4 13. Be4 Nxe4 14. Qxe4 Bxf3
15. Qxf3 cxd4 16. Nd5 Qa6 17. Nxe7+ Kh8 18. Qxf7 Nd7 19. exd4 Nf6 20. Bg5 Rf8
21. Qe6 Rae8 22. Rae1 Ng8 23. Nxg6+ hxg6 24. Qh3+ 1-0

[Event "Paris Ch op C"]
[Site "Paris "]
[Date "2008.07.05"]
[Round "8.4"]
[White "Zodros, Denis"]
[Black "Baldi, Valentine"]
[Result "1-0"]
[WhiteElo "1470"]
[BlackElo "1480"]
[PlyCount "79"]
[EventDate "2008.06.28"]
[EventType "swiss"]
[EventRounds "9"]
[EventCountry "FRA"]
[WhiteTeamCountry "FRA"]
[BlackTeamCountry "FRA"]

1. e4 c6 2. Nc3 d5 3. exd5 cxd5 4. d4 Bf5 5. Bd3 Bxd3 6. Qxd3 e6 7. Nf3 Bd6 8.
O-O Nf6 9. Bg5 O-O 10. Rae1 h6 11. Bh4 Nbd7 12. Ne5 Be7 13. Re3 Nxe5 14. Rxe5
Ng4 15. Bxe7 Qxe7 16. Rh5 Nf6 17. Rh3 Qd6 18. a3 a6 19. Re1 Ng4 20. Qd2 Qb6 21.
b4 Rac8 22. Rg3 h5 23. h3 Nf6 24. Rxg7+ Kxg7 25. Qg5+ Kh7 26. Qxf6 Rxc3 27. Re5
Rxh3 28. gxh3 Rg8+ 29. Kh2 Qd6 30. f4 Rg7 31. Rxh5+ Kg8 32. Qh4 Rg6 33. Rh8+
Kg7 34. Qh7+ Kf6 35. Qh4+ Rg5 36. Rh6+ Kf5 37. Qxg5+ Ke4 38. Qg2+ Kf5 39. Rh5+
Kf6 40. Qg5# 1-0

[Event "Paris Ch op C"]
[Site "Paris "]
[Date "2008.07.05"]
[Round "8.5"]
[White "Martin, Didier"]
[Black "Larue, Daniel"]
[Result "0-1"]
[WhiteElo "1400"]
[BlackElo "1499"]
[PlyCount "104"]
[EventDate "2008.06.28"]
[EventType "swiss"]
[EventRounds "9"]
[EventCountry "FRA"]
[WhiteTeamCountry "FRA"]
[BlackTeamCountry "FRA"]

1. c4 f5 2. d4 e6 3. e3 Nf6 4. Nc3 d5 5. Nf3 c6 6. b3 Bb4 7. Bd2 Qa5 8. Qc2 Ne4
9. Nxe4 fxe4 10. Ne5 Bxd2+ 11. Qxd2 Qxd2+ 12. Kxd2 Nd7 13. Nxd7 Bxd7 14. Be2
O-O 15. f3 exf3 16. gxf3 Rf5 17. Rag1 e5 18. Rg3 exd4 19. exd4 Raf8 20. Rhg1
R8f7 21. Ke1 Rf4 22. h3 Rxd4 23. Kf2 Rd2 24. a4 Re7 25. Re1 Rb2 26. f4 Bf5 27.
Kf1 d4 28. c5 Kf8 29. Bd3 Rxe1+ 30. Kxe1 Rxb3 31. Kd2 g6 32. h4 Ke7 33. a5 Kf6
34. Ke2 Rxd3 35. Rxd3 Bxd3+ 36. Kxd3 Kf5 37. Kxd4 Kxf4 38. Kc4 g5 39. hxg5 Kxg5
40. Kd3 Kf4 41. Ke2 Ke4 42. Kf2 Kd4 43. Kf3 Kxc5 44. Kg4 b5 45. axb6 Kxb6 46.
Kg5 a5 47. Kh6 a4 48. Kxh7 a3 49. Kg6 a2 50. Kf5 a1=Q 51. Ke4 Qd1 52. Ke3 c5
0-1